|
|
|
|
| LEADER |
01522nam a22003857a 4500 |
| 001 |
37866 |
| 003 |
BD-DhAAL |
| 005 |
20220227161959.0 |
| 008 |
220227t1992 nyua b 001 0 eng d |
| 999 |
|
|
|c 43610
|d 43610
|
| 010 |
|
|
|a 95020346
|
| 020 |
|
|
|a 0801304857
|
| 020 |
|
|
|a 9780801304859
|
| 040 |
|
|
|a DLC
|c DLC
|d DLC
|d BD-DhAAL
|
| 043 |
|
|
|a n-us---
|
| 050 |
0 |
0 |
|a LB1737.U6
|b K56 1996
|
| 082 |
0 |
0 |
|a 373.1102
|2 20
|
| 100 |
1 |
|
|a Kindsvatter, Richard.
|9 46207
|
| 245 |
1 |
0 |
|a Dynamics of effective teaching /
|c Richard Kindsvatter, William Wilen, Margaret Ishler.
|
| 250 |
|
|
|a Second edition
|
| 260 |
|
|
|a New York :
|b Longman,
|c c1992.
|
| 300 |
|
|
|a xix, 331 pages :
|b illustrations ;
|c 24 cm.
|
| 504 |
|
|
|a Includes bibliographical references and index.
|
| 526 |
|
|
|a BIED
|
| 541 |
|
|
|a Complimentary copy from BIED
|e 37866
|
| 650 |
|
0 |
|a High school teaching
|z United States.
|9 46208
|
| 650 |
|
0 |
|a Classroom management
|z United States.
|9 46209
|
| 650 |
|
0 |
|a Motivation in education
|z United States.
|9 46210
|
| 650 |
|
0 |
|a Education.
|9 46211
|
| 700 |
1 |
|
|a Wilen, William W.
|9 46212
|
| 700 |
1 |
|
|a Ishler, Margaret F.
|9 46213
|
| 852 |
|
|
|a Ayesha Abed Library
|c BIED Collection
|
| 942 |
|
|
|2 ddc
|c BK
|
| 955 |
|
|
|a pc01 to SA00 05-15-95; sj11 05-16-95; sj09 05-15-95; sj05 05-19-95; CIP ver. sj03 02-08-96
|
| 952 |
|
|
|0 0
|1 0
|2 ddc
|4 0
|6 373_110200000000000_KIN
|7 0
|9 69925
|a BRACUL
|b BRACUL
|c GEN
|d 2022-02-27
|e Complimentary copy from BIED
|l 0
|o 373.1102 KIN
|p 3010037866
|r 2022-02-27
|t 1
|w 2022-02-27
|y BK
|x Transferred from BIED to General Stacks
|